000 00326nam a2200133Ia 4500
008 240624s9999 xx 000 0 und d
041 _aeng
082 _a823 SUB
100 _aSUBRAMANIAN RAVI
245 _aIF GOD WAS A BANKER
260 _c2008
_aNew Delhi
_bRupa & Company
300 _a260 : p. : cm. ; 21
365 _cRS
_b20
999 _c9629
_d9629